|
|
|
|
| LEADER |
02304nam a22006135i 4500 |
| 001 |
978-3-319-58451-5 |
| 003 |
DE-He213 |
| 005 |
20170506045545.0 |
| 007 |
cr nn 008mamaa |
| 008 |
170506s2017 gw | s |||| 0|eng d |
| 020 |
|
|
|a 9783319584515
|9 978-3-319-58451-5
|
| 024 |
7 |
|
|a 10.1007/978-3-319-58451-5
|2 doi
|
| 040 |
|
|
|d GrThAP
|
| 050 |
|
4 |
|a QA75.5-76.95
|
| 072 |
|
7 |
|a UNH
|2 bicssc
|
| 072 |
|
7 |
|a UND
|2 bicssc
|
| 072 |
|
7 |
|a COM030000
|2 bisacsh
|
| 082 |
0 |
4 |
|a 025.04
|2 23
|
| 245 |
1 |
4 |
|a The Semantic Web
|h [electronic resource] :
|b 14th International Conference, ESWC 2017, Portorož, Slovenia, May 28 – June 1, 2017, Proceedings, Part II /
|c edited by Eva Blomqvist, Diana Maynard, Aldo Gangemi, Rinke Hoekstra, Pascal Hitzler, Olaf Hartig.
|
| 264 |
|
1 |
|a Cham :
|b Springer International Publishing :
|b Imprint: Springer,
|c 2017.
|
| 300 |
|
|
|a XXX, 281 p. 70 illus.
|b online resource.
|
| 336 |
|
|
|a text
|b txt
|2 rdacontent
|
| 337 |
|
|
|a computer
|b c
|2 rdamedia
|
| 338 |
|
|
|a online resource
|b cr
|2 rdacarrier
|
| 347 |
|
|
|a text file
|b PDF
|2 rda
|
| 490 |
1 |
|
|a Lecture Notes in Computer Science,
|x 0302-9743 ;
|v 10250
|
| 520 |
|
|
|a .
|
| 650 |
|
0 |
|a Computer science.
|
| 650 |
|
0 |
|a Software engineering.
|
| 650 |
|
0 |
|a Computers.
|
| 650 |
|
0 |
|a Data mining.
|
| 650 |
|
0 |
|a Information storage and retrieval.
|
| 650 |
|
0 |
|a Artificial intelligence.
|
| 650 |
1 |
4 |
|a Computer Science.
|
| 650 |
2 |
4 |
|a Information Storage and Retrieval.
|
| 650 |
2 |
4 |
|a Artificial Intelligence (incl. Robotics).
|
| 650 |
2 |
4 |
|a Information Systems Applications (incl. Internet).
|
| 650 |
2 |
4 |
|a Theory of Computation.
|
| 650 |
2 |
4 |
|a Data Mining and Knowledge Discovery.
|
| 650 |
2 |
4 |
|a Software Engineering.
|
| 700 |
1 |
|
|a Blomqvist, Eva.
|e editor.
|
| 700 |
1 |
|
|a Maynard, Diana.
|e editor.
|
| 700 |
1 |
|
|a Gangemi, Aldo.
|e editor.
|
| 700 |
1 |
|
|a Hoekstra, Rinke.
|e editor.
|
| 700 |
1 |
|
|a Hitzler, Pascal.
|e editor.
|
| 700 |
1 |
|
|a Hartig, Olaf.
|e editor.
|
| 710 |
2 |
|
|a SpringerLink (Online service)
|
| 773 |
0 |
|
|t Springer eBooks
|
| 776 |
0 |
8 |
|i Printed edition:
|z 9783319584508
|
| 830 |
|
0 |
|a Lecture Notes in Computer Science,
|x 0302-9743 ;
|v 10250
|
| 856 |
4 |
0 |
|u http://dx.doi.org/10.1007/978-3-319-58451-5
|z Full Text via HEAL-Link
|
| 912 |
|
|
|a ZDB-2-SCS
|
| 912 |
|
|
|a ZDB-2-LNC
|
| 950 |
|
|
|a Computer Science (Springer-11645)
|